[Event "aston294"]
[Site "SchemingMind.com"]
[Date "2011.03.20"]
[Round "-"]
[White "THFC"]
[Black "mochiron"]
[Result "1/2-1/2"]
[WhiteCountry "ENG"]
[BlackCountry "JPN"]
[WhiteElo "1361"]
[WhiteRD "99"]
[BlackElo "1376"]
[BlackRD "77"]
[GameID "278679"]

1. e4 e5 2. Nf3 d6 3. Bb5+ Nc6 4. Bxc6+ bxc6 5. d3 Bg4 6. O-O h5 7. h3 Bxf3 8. Qxf3 f6 9. Nc3 d5 10. exd5 Bb4
11. Bd2 Bxc3 12. Bxc3 cxd5 13. a3 Qd6 14. Bb4 c5 15. Bd2 Ne7 16. b4 cxb4 17. Bxb4 Qc6 18. Bxe7 Kxe7 19. Rfc1 g5 20. c3 g4
21. hxg4 hxg4 22. Qxg4 Rag8 23. Qb4+ Kf7 24. f3 Qb6+ 25. Qxb6 axb6 26. Rab1 Rh4 27. Rxb6 Rgh8 28. Kf2 e4 29. dxe4 dxe4 30. fxe4 Rxe4
31. Kf3 Rhh4 32. c4 f5 33. c5 Rhf4+ 34. Kg3 Rg4+ 35. Kf3 Ref4+ 36. Ke3 Re4+=
1/2-1/2

[Event "aston294"]
[Site "SchemingMind.com"]
[Date "2011.03.19"]
[Round "-"]
[White "mochiron"]
[Black "THFC"]
[Result "0-1"]
[WhiteCountry "JPN"]
[BlackCountry "ENG"]
[WhiteElo "1411"]
[WhiteRD "80"]
[BlackElo "1483"]
[BlackRD "87"]
[GameID "278682"]

1. b4 e5 2. Bb2 Bxb4 3. c3 Bc5 4. Ba3 Bxa3 5. Nxa3 Nf6 6. e3 Qe7 7. Nb5 Na6 8. Nf3 d6 9. Be2 c6 10. Na3 d5
11. d4 exd4 12. cxd4 Qxa3 13. O-O O-O 14. Ng5 h6 15. Nh3 Bxh3 16. gxh3 Nc7 17. Kh1 Qd6 18. Rg1 Kh8 19. Rg3 Ne6 20. Qc2 Ne4
21. Rg2 a6 22. Rag1 g6 23. Bf3 N6g5 24. Bxe4 Nxe4 25. f3 Ng5 26. Rxg5 hxg5 27. Rxg5 Qf6 28. f4 Kg7 29. h4 Rh8 30. Qf2 Rh5
31. Rxh5 gxh5 32. a4 b5 33. axb5 axb5 34. f5 Ra1+ 35. Kg2 Kh6 36. Qf4+ Kh7 37. Kf2 Ra2+ 38. Kf3 Qg7 39. Qg3 Qxg3+ 40. hxg3 b4
41. Kf4 b3 42. g4 hxg4
0-1

[Event "aston294"]
[Site "SchemingMind.com"]
[Date "2011.03.20"]
[Round "-"]
[White "Queeny"]
[Black "kenneth m day"]
[Result "0-1"]
[WhiteCountry "ENG"]
[BlackCountry "USA"]
[WhiteElo "1673"]
[WhiteRD "74"]
[BlackElo "1952"]
[BlackRD "77"]
[GameID "278819"]

1. d4 d5 2. c4 c6 3. Nf3 Nf6 4. Nc3 dxc4 5. a4 Bf5 6. e3 e6 7. Bxc4 Bb4 8. O-O Nbd7 9. Ne2 Bd6 10. b3 Qc7
11. Ba3 h6 12. Bxd6 Qxd6 13. h3 O-O 14. Ng3 Bh7 15. Bd3 Rfe8 16. e4 e5 17. dxe5 Nxe5 18. Nxe5 Qxe5 19. Re1 Rad8 20. Qf3 Rd7
21. Nf5 Red8 22. Rad1 Qc3 23. Bc4 Qxf3 24. Rxd7 Qxg2+ 25. Kxg2 Rxd7 26. Re3 Rd2 27. Ng3 Kf8 28. e5 Nd5 29. Bxd5 cxd5 30. e6 Rd3
31. e7+ Ke8 32. Nh5 Rxe3 33. Nxg7+ Kxe7 34. fxe3 Kd6 35. Kg3 Kc5 36. Ne6+ fxe6
0-1

[Event "aston294"]
[Site "SchemingMind.com"]
[Date "2011.03.21"]
[Round "-"]
[White "kenneth m day"]
[Black "Queeny"]
[Result "1-0"]
[WhiteCountry "USA"]
[BlackCountry "ENG"]
[WhiteElo "1952"]
[WhiteRD "77"]
[BlackElo "1673"]
[BlackRD "74"]
[GameID "278821"]

1. d4 d5 2. Nf3 Nf6 3. Bf4 c5 4. c3 Qb6 5. Qc1 e6 6. e3 Nc6 7. Bd3 Nh5 8. Bg3 Nxg3 9. hxg3 cxd4 10. exd4 Be7
11. Nbd2 Bd7 12. Nb3 a5 13. Qc2 h6 14. Ne5 Nxe5 15. dxe5 Ba4 16. Rh4 Bxh4 17. gxh4 Qc7 18. f4 g5 19. Qf2 Bxb3 20. axb3 Qe7
21. Bb5+ Kf8 22. O-O-O Rc8 23. Rh1 Kg7 24. Bd3 f6 25. fxg5 hxg5 26. Qg3 Rh6 27. Rf1 Rf8 28. exf6+ Rhxf6 29. Qxg5+
1-0

[Event "aston294"]
[Site "SchemingMind.com"]
[Date "2011.03.21"]
[Round "-"]
[White "keen"]
[Black "aston294"]
[Result "1-0"]
[WhiteCountry "SCO"]
[BlackCountry "ENG"]
[WhiteElo "1696"]
[WhiteRD "57"]
[BlackElo "1075"]
[BlackRD "65"]
[GameID "278906"]

1. e4 e5 2. Nf3 Nc6 3. d4 Nf6 4. Bc4 exd4 5. c3 dxc3 6. Nxc3 d6 7. Ng5 h6 8. Nxf7 Qe7 9. Nxh8 Bg4 10. f3 Be6
11. Bxe6 Qxe6 12. Ng6 Qf7 13. Nxf8 Kxf8 14. O-O Qc4 15. Be3 Nb4 16. a3 Nc6 17. Qd2 b5 18. Rfc1 Re8 19. Nd5 Qa4 20. Rxc6 b4
21. Nxf6 Qxc6 22. Nxe8 Kxe8 23. Rc1 Qb7 24. Qxb4 Qxb4 25. axb4
1-0

[Event "aston294"]
[Site "SchemingMind.com"]
[Date "2011.03.21"]
[Round "-"]
[White "aston294"]
[Black "keen"]
[Result "0-1"]
[WhiteCountry "ENG"]
[BlackCountry "SCO"]
[WhiteElo "1075"]
[WhiteRD "65"]
[BlackElo "1696"]
[BlackRD "57"]
[GameID "278910"]

1. d4 Nf6 2. Nf3 e6 3. Nc3 Bb4 4. a3 Bxc3+ 5. bxc3 b6 6. e3 Ba6 7. Bxa6 Nxa6 8. Ne5 O-O 9. g4 Nd5 10. Qf3 Nxc3
11. Bb2 Nd5 12. c4 Nf6 13. O-O c6 14. g5 Ne8 15. h4 Nac7 16. c5 f6 17. gxf6 Rxf6 18. Qg3 Rh6 19. Ng4 Rxh4 20. Nf6+ Qxf6
21. cxb6 axb6 22. Qxc7 Nxc7 23. Rac1 Qg5#
0-1

[Event "aston294"]
[Site "SchemingMind.com"]
[Date "2011.03.25"]
[Round "-"]
[White "rao"]
[Black "Olli Ylönen"]
[Result "0-1"]
[WhiteCountry "INT"]
[BlackCountry "FIN"]
[WhiteElo "1650"]
[WhiteRD "83"]
[BlackElo "1691"]
[BlackRD "53"]
[GameID "279004"]

1. e4 e5 2. Nf3 Nf6 3. Nc3 Nc6 4. Bc4 Nxe4 5. Nxe4 d5 6. Bxd5 Qxd5 7. d3 Bg4 8. h3 Bh5 9. Nc3 Bb4 10. Bd2 Bxc3
11. Bxc3 O-O-O 12. g4 Bg6 13. Rh2 f6 14. Qe2 e4 15. dxe4 Qxe4 16. Qxe4 Bxe4 17. Nd2 Bxc2 18. Kf1 Rhe8 19. Nb3 Rd1+ 20. Rxd1 Bxd1
21. f4 Bxb3 22. axb3 Re4 23. f5 Nd4 24. Rd2 Nxb3 25. Rd1 a5 26. Kf2 b6 27. Kf3 Re8 28. h4 Nc5 29. Bd4 Rd8 30. Ke3 Nb3
31. Rd3 Nxd4 32. Rxd4 Rxd4 33. Kxd4 Kd7 34. b3 Kc6 35. Kc4 b5+ 36. Kd4 a4 37. b4 Kd6 38. g5 fxg5 39. hxg5 a3 40. Kc3 Ke5
41. g6 hxg6 42. fxg6 Kf5 43. Kb3 Kxg6 44. Kxa3 Kf5 45. Kb3 g5 46. Kc3 g4 47. Kd3 g3 48. Ke2 Ke4 49. Kf1 Kd4 50. Kg2 Kc4
51. Kxg3 Kxb4 52. Kf2 Kc3 53. Ke1 Kc2 54. Ke2 b4 55. Ke3 b3
0-1

[Event "aston294"]
[Site "SchemingMind.com"]
[Date "2011.03.24"]
[Round "-"]
[White "Clive Everill"]
[Black "maro"]
[Result "1-0"]
[WhiteCountry "CZE"]
[BlackCountry "MEX"]
[WhiteElo "1710"]
[WhiteRD "53"]
[BlackElo "1333"]
[BlackRD "59"]
[GameID "279005"]

1. e4 Nc6 2. d4 d5 3. Nc3 dxe4 4. d5 Ne5 5. Bf4 Bg4 6. Bxe5 Bxd1 7. Bb5+ c6 8. dxc6 Qb6 9. cxb7+ Qxb5 10. bxa8=Q+ Kd7
11. Rxd1+ Ke6 12. Nxb5 Kxe5 13. Qd5+ Kf4 14. Nh3+
1-0

[Event "aston294"]
[Site "SchemingMind.com"]
[Date "2011.03.23"]
[Round "-"]
[White "fernamos"]
[Black "Yellow"]
[Result "0-1"]
[WhiteCountry "ARG"]
[BlackCountry "INT"]
[WhiteElo "1700"]
[WhiteRD "156"]
[BlackElo "2003"]
[BlackRD "117"]
[GameID "279006"]

1. e4 e5 2. Nf3 Nf6 3. Nc3 Nc6 4. Bb5 Bb4 5. O-O O-O 6. Re1 Re8 7. a3 Ba5 8. b4 Bb6 9. Bb2 Nd4 10. Nxd4 Bxd4
11. Rb1 c6 12. Ba4 d6 13. Na2 Bg4 14. Qc1 Bb6 15. c4 Be6 16. d3 Ng4 17. Rf1 Qh4 18. h3 Nxf2 19. c5 Nxd3 20. Qc2 dxc5
21. Kh2 c4 22. Rf3 Bd4 23. Bxd4 exd4 24. Rbf1 b5 25. Nc1 Ne1
0-1

[Event "aston294"]
[Site "SchemingMind.com"]
[Date "2011.03.25"]
[Round "-"]
[White "Olli Ylönen"]
[Black "rao"]
[Result "1-0"]
[WhiteCountry "FIN"]
[BlackCountry "INT"]
[WhiteElo "1691"]
[WhiteRD "53"]
[BlackElo "1650"]
[BlackRD "83"]
[GameID "279009"]

1. e4 e5 2. Nf3 Nc6 3. Bb5 a6 4. Bxc6 bxc6 5. O-O d6 6. d4 Be7 7. dxe5 dxe5 8. Qxd8+ Bxd8 9. Nxe5 Ne7 10. Nc3 O-O
11. Be3 f6 12. Nf3 Ng6 13. Rfe1 Bg4 14. Nd4 Ne5 15. Bf4 c5 16. Bxe5 fxe5 17. Nc6 Bf6 18. Nd5 Bd7 19. Nce7+ Bxe7 20. Nxe7+ Kf7
21. Nd5 h5 22. Nxc7 Ra7 23. Nd5 h4 24. Nb6 Be6 25. Nd5 Rd8 26. c4 Rb7 27. b3 h3 28. gxh3 Bxh3 29. Re3 Rh8 30. Rd1 Rh4
31. Rdd3 Be6 32. Rf3+ Kg8 33. Rg3 Rf7 34. Rdf3 Rxf3 35. Rxf3 Rxe4 36. Ne7+ Kh7 37. Rg3 Re1+ 38. Kg2 e4 39. f4 exf3+ 40. Kxf3 Bd7
41. Kf2 Rxe7 42. Rg5 Rf7+ 43. Ke3 Kh6 44. Rxc5 g5 45. Rd5 Kh5 46. Rd6 a5 47. Ra6 Rf5 48. Rd6 Bc8 49. Rd5 Rf1 50. Rxa5 Rh1
51. Ra8 Bf5 52. a4 Bc2 53. c5 Bxb3 54. a5 Rxh2 55. Rh8+ Kg4 56. Rxh2 Kf5 57. c6 Be6 58. a6 Ke5 59. a7
1-0

[Event "aston294"]
[Site "SchemingMind.com"]
[Date "2011.03.25"]
[Round "-"]
[White "maro"]
[Black "Clive Everill"]
[Result "0-1"]
[WhiteCountry "MEX"]
[BlackCountry "CZE"]
[WhiteElo "1299"]
[WhiteRD "59"]
[BlackElo "1747"]
[BlackRD "51"]
[GameID "279010"]

1. c4 e5 2. d4 exd4 3. Qxd4 Nc6 4. Qe3+ Be7 5. g3 Nf6 6. Bh3 O-O 7. Nf3 d5 8. Bxc8 Rxc8 9. cxd5 Nxd5 10. Qd3 Ncb4
11. Qc4 b5 12. Qxb5 Nc2+ 13. Kf1 Nxa1 14. Kg2 Nc2 15. Rd1 c6 16. Qc4 Nf4+ 17. Qxf4 Qxd1 18. Nc3 Qd7 19. Qe4 Na1 20. Ne5 Qc7
21. Be3 f5 22. Qc4+ Kh8 23. Nf7+ Rxf7 24. Qxf7 Bf6 25. Qh5 g6 26. Qf3 Nc2 27. Bf4 Qb6 28. b3 Nd4 29. Qd3 c5 30. Na4 Qc6+
31. f3 Rd8 32. Qe3 c4 33. Qc3 Nxe2 34. Qa5 Nxf4+ 35. gxf4 cxb3 36. axb3 Rd3 37. Kf1 Qxf3+ 38. Ke1 Rd1#
0-1

[Event "aston294"]
[Site "SchemingMind.com"]
[Date "2011.03.23"]
[Round "-"]
[White "Yellow"]
[Black "fernamos"]
[Result "1-0"]
[WhiteCountry "INT"]
[BlackCountry "ARG"]
[WhiteElo "2003"]
[WhiteRD "117"]
[BlackElo "1700"]
[BlackRD "156"]
[GameID "279011"]

1. Nf3 d6 2. d4 g6 3. c4 Bg7 4. Nc3 Nf6 5. e4 Bg4 6. Be2 O-O 7. Be3 Nbd7 8. O-O e5 9. d5 Re8 10. h3 Bxf3
11. Bxf3 a6 12. Qb3 Rb8 13. Rfd1 Qe7 14. Qb4 Qf8 15. Ba7 Rbc8 16. Qxb7 Nb6 17. b4 Nxc4 18. Qxa6 Nb6 19. a4 Ra8 20. Qb7 Bh6
21. Nb5 Nc8 22. Qxa8
1-0

[Event "aston294"]
[Site "SchemingMind.com"]
[Date "2011.03.27"]
[Round "-"]
[White "emvarela"]
[Black "dadshane2000"]
[Result "0-1"]
[WhiteCountry "ARG"]
[BlackCountry "USA"]
[WhiteElo "1750"]
[WhiteRD "48"]
[BlackElo "1988"]
[BlackRD "82"]
[GameID "279156"]

1. e4 c5 2. Nf3 d6 3. d4 cxd4 4. Nxd4 Nf6 5. Nc3 Bd7 6. Bc4 e6 7. O-O Nc6 8. Bg5 a6 9. Re1 Be7 10. Bb3 Rc8
11. Nxc6 Bxc6 12. Bxf6 Bxf6 13. Qd3 O-O 14. Rad1 Be5 15. g3 Qf6 16. f4 Bxc3 17. bxc3 Rfd8 18. Qe3 Bb5 19. e5 dxe5 20. fxe5 Qf5
21. Qf4 Qxf4 22. gxf4 g6 23. Rd4 Rxd4 24. cxd4 Rc3 25. a4 Bc6 26. Re2 b5 27. axb5 axb5 28. Rd2 b4 29. Rd3 Rxd3 30. cxd3 Bd5
31. Bc2 Kg7 32. Kf2 h5 33. Ke2 h4 34. Kd2 f6 35. Ba4 g5 36. exf6+ Kxf6 37. Ke3 g4
0-1

[Event "aston294"]
[Site "SchemingMind.com"]
[Date "2011.03.25"]
[Round "-"]
[White "lennart"]
[Black "Creasey"]
[Result "1-0"]
[WhiteCountry "SWE"]
[BlackCountry "ENG"]
[WhiteElo "1506"]
[WhiteRD "51"]
[BlackElo "1310"]
[BlackRD "116"]
[GameID "279157"]

1. e4 e5 2. d3 Qf6 3. Nf3 Bc5 4. c3 g5 5. d4 exd4 6. cxd4 Bb4+ 7. Nbd2 g4 8. Ne5 g3 9. hxg3 Nh6 10. a3 Ng4
11. Qxg4 Bd6 12. Be2 Bxe5 13. dxe5 Qxe5 14. Nf3 Qa5+ 15. b4 Qb6 16. O-O h5 17. Qg5 c5 18. Be3 Na6 19. Bc4 d6 20. e5 Be6
21. Bxe6 fxe6 22. Qg6+ Kd7 23. bxc5 dxc5 24. Rad1+ Kc7 25. Qg7+ Kc6 26. Qd7#
1-0

[Event "aston294"]
[Site "SchemingMind.com"]
[Date "2011.03.27"]
[Round "-"]
[White "dadshane2000"]
[Black "emvarela"]
[Result "1-0"]
[WhiteCountry "USA"]
[BlackCountry "ARG"]
[WhiteElo "1988"]
[WhiteRD "82"]
[BlackElo "1750"]
[BlackRD "48"]
[GameID "279162"]

1. e4 e5 2. Nf3 Nc6 3. Bb5 a6 4. Ba4 Nf6 5. O-O Be7 6. Re1 b5 7. Bb3 O-O 8. c3 d5 9. exd5 Nxd5 10. Nxe5 Nxe5
11. Rxe5 c6 12. d4 Bd6 13. Re1 Qh4 14. g3 Qh3 15. Re4 g5 16. Qf1 Qh5 17. f3 Bf5 18. Nd2 Nf6 19. Qg2 Nxe4 20. g4 Qxh2+
21. Qxh2 Bxh2+ 22. Kxh2 Nxd2 23. Bxd2 Bd3 24. Re1 h6 25. f4 gxf4 26. Bxf4 Rfe8 27. Rd1 Re2+ 28. Kg3 Rxb2 29. Rxd3 Kg7 30. Rf3 a5
31. Be5+ Kg6 32. Rf6+ Kg5 33. Rxf7 a4 34. Rg7#
1-0

[Event "aston294"]
[Site "SchemingMind.com"]
[Date "2011.03.25"]
[Round "-"]
[White "Creasey"]
[Black "lennart"]
[Result "0-1"]
[WhiteCountry "ENG"]
[BlackCountry "SWE"]
[WhiteElo "1310"]
[WhiteRD "116"]
[BlackElo "1506"]
[BlackRD "51"]
[GameID "279163"]

1. e4 e5 2. Qf3 Nc6 3. Bc4 Qf6 4. Qd3 d6 5. Nc3 Qg5 6. Qf3 Nf6 7. Nb5 Nd4 8. Nxd4 exd4 9. Nh3 Qa5 10. Qg3 Nxe4
11. Qd3 Qe5 12. Qf3 Ng3+ 13. Kd1 Nxh1 14. Qxf7+ Kd8 15. a4 Be7 16. d3 Rf8 17. Qd5 Qf6 18. Bg5 Qe5 19. Kd2 Bxg5+ 20. Nxg5 Rxf2+
21. Kd1 Rf1+ 22. Kd2 Qe3#
0-1

[Event "aston294"]
[Site "SchemingMind.com"]
[Date "2011.06.10"]
[Round "-"]
[White "lennart"]
[Black "kenneth m day"]
[Result "0-1"]
[WhiteCountry "SWE"]
[BlackCountry "USA"]
[WhiteElo "1526"]
[WhiteRD "56"]
[BlackElo "1904"]
[BlackRD "73"]
[GameID "286273"]

1. e4 e6 2. d4 d5 3. e5 c5 4. Nf3 Nc6 5. Bd3 cxd4 6. O-O Bc5 7. Nbd2 Nge7 8. a3 a6 9. Nb3 Bb6 10. Qd2 Ng6
11. c3 dxc3 12. bxc3 Ncxe5 13. Nxe5 Nxe5 14. Bc2 O-O 15. Qe2 Nc4 16. Rd1 Qc7 17. Qd3 f5 18. Qf3 Qe5 19. Bf4 Qf6 20. Qg3 Bd7
21. a4 Bc6 22. a5 Bd8 23. Nd4 e5 24. Bg5 Qxg5 25. Nf3 Qf6 26. h3 Rc8 27. Re1 Bc7 28. Nh2 e4 29. f4 exf3 30. Qxf3 d4
31. Qd1 Qd6 32. Nf3 Bxf3 33. Qxf3 Qh2+ 34. Kf2 Ne3 35. Rh1 Qg3+ 36. Qxg3 Bxg3+ 37. Kxg3 Nxc2 38. Ra2 d3 39. Rd1 Rxc3
0-1

[Event "aston294"]
[Site "SchemingMind.com"]
[Date "2011.06.10"]
[Round "-"]
[White "kenneth m day"]
[Black "lennart"]
[Result "1-0"]
[WhiteCountry "USA"]
[BlackCountry "SWE"]
[WhiteElo "1904"]
[WhiteRD "73"]
[BlackElo "1526"]
[BlackRD "56"]
[GameID "286278"]

1. d4 d5 2. Bf4 e6 3. Nf3 Be7 4. e3 Nf6 5. h3 Nbd7 6. Bd3 g6 7. g4 Nb6 8. c3 Ne4 9. Nbd2 f6 10. Nxe4 dxe4
11. Bxe4 Nd5 12. Bg3 Qd7 13. Qc2 Bd6 14. Bxd6 Qxd6 15. O-O-O Bd7 16. Nd2 O-O-O 17. Nc4 Qa6 18. b3 f5 19. gxf5 gxf5 20. Bd3 Be8
21. Ne5 Qd6 22. Rhg1 h5 23. Rg7 Qf8 24. Rdg1 Nf6 25. Bc4 Rd6 26. Be2 Nd7 27. Nc4 Ra6 28. Kb1 Nf6 29. Ne5 h4 30. Bxa6 bxa6
31. Qe2 Bb5 32. c4 Be8 33. Qf3 Kb8 34. Nc6+ Bxc6 35. Qxc6 Ne8 36. R7g6 Nf6 37. Qxe6
1-0

[Event "aston294"]
[Site "SchemingMind.com"]
[Date "2011.06.18"]
[Round "-"]
[White "Clive Everill"]
[Black "Yellow"]
[Result "0-1"]
[WhiteCountry "CZE"]
[BlackCountry "INT"]
[WhiteElo "1809"]
[WhiteRD "50"]
[BlackElo "2354"]
[BlackRD "63"]
[GameID "286554"]

1. e4 e5 2. Nc3 Nf6 3. f4 d5 4. fxe5 Nxe4 5. Nf3 Nc6 6. Bb5 Bg4 7. O-O Ng5 8. Bxc6+ bxc6 9. d4 Nxf3+ 10. gxf3 Bh3
11. Rf2 Be7 12. Be3 O-O 13. Ne2 Bh4 14. Ng3 f6 15. f4 Qe8 16. Qf3 Rd8 17. c3 a6 18. Kh1 c5 19. Rg1 fxe5 20. dxe5 d4
21. cxd4 cxd4 22. Bd2 Be6 23. Qd3 Bd5+ 24. Rfg2 c5 25. b3 Qb5 26. Qxb5 axb5 27. Ne2 Ra8 28. Nc1 c4 29. bxc4 bxc4 30. Rf1 c3
31. Be1 Bxe1 32. Rxe1 d3 33. Nxd3 Rxa2 34. Rg1 Rb8 35. h4 Rd2 36. Ne1 Rb1 37. e6 c2 38. e7 Kf7 39. Kh2 c1=Q 40. Rxd2 Qxd2+
41. Kh3 Rb3+ 42. Kg4 Qe2+ 43. Kg5 h6+
0-1

[Event "aston294"]
[Site "SchemingMind.com"]
[Date "2011.06.18"]
[Round "-"]
[White "Yellow"]
[Black "Clive Everill"]
[Result "1-0"]
[WhiteCountry "INT"]
[BlackCountry "CZE"]
[WhiteElo "2354"]
[WhiteRD "63"]
[BlackElo "1809"]
[BlackRD "50"]
[GameID "286562"]

1. Nf3 d5 2. d4 c6 3. c4 dxc4 4. e3 Be6 5. a4 Nf6 6. Na3 c5 7. Bxc4 Bxc4 8. Nxc4 Nc6 9. Qb3 Qc7 10. Bd2 b6
11. O-O e6 12. Bc3 Be7 13. a5 O-O 14. axb6 axb6 15. Qxb6 Qxb6 16. Nxb6 Rab8 17. Ra6 cxd4 18. Nxd4 Nxd4 19. Bxd4 Rfd8 20. f3 Ne8
21. Nc4 Bf6 22. Bxf6 Nxf6 23. e4 Rd4 24. Ne5 Rd2 25. Nc6 Re8 26. b4 Rb2 27. Rfa1 g6 28. R6a2 Rb3 29. Ra3 Rb2 30. Ra7 Nh5
31. g3 f5 32. e5 Rb3 33. f4 Rc3 34. b5 Rb3 35. Rb7 Nxg3 36. hxg3 Rxg3+ 37. Kh2 Rg4 38. b6 Rxf4 39. Rc7 Rf2+ 40. Kg3 Rd2
41. b7 Rd3+ 42. Kf2 Rd2+ 43. Ke1
1-0

[Event "aston294"]
[Site "SchemingMind.com"]
[Date "2011.08.14"]
[Round "-"]
[White "THFC"]
[Black "keen"]
[Result "0-1"]
[WhiteCountry "ENG"]
[BlackCountry "SCO"]
[WhiteElo "1483"]
[WhiteRD "84"]
[BlackElo "1642"]
[BlackRD "61"]
[GameID "290868"]

1. e4 e6 2. Nf3 d5 3. exd5 exd5 4. Bb5+ c6 5. Ba4 Bg4 6. O-O Nf6 7. h3 Bh5 8. d4 Be7 9. Nc3 O-O 10. Bg5 Nbd7
11. Bxf6 Nxf6 12. g4 Bg6 13. g5 Ne8 14. Ne5 Bxg5 15. Nxg6 fxg6 16. Qg4 Rf5 17. Ne2 Nf6 18. Qg3 Ne4 19. Qg4 Qf6 20. Ng3 Nxf2
0-1

[Event "aston294"]
[Site "SchemingMind.com"]
[Date "2011.08.14"]
[Round "-"]
[White "keen"]
[Black "THFC"]
[Result "0-1"]
[WhiteCountry "SCO"]
[BlackCountry "ENG"]
[WhiteElo "1642"]
[WhiteRD "61"]
[BlackElo "1483"]
[BlackRD "84"]
[GameID "290871"]

1. e4 e5 2. Nf3 d6 3. d4 exd4 4. Nxd4 Nf6 5. Nc3 Be7 6. Be2 O-O 7. Be3 a6 8. Qd2 c5 9. Nb3 Nc6 10. O-O-O h6
11. Bxh6 gxh6 12. Qxh6 Nh7 13. Rd3 Bg5+
0-1

[Event "aston294"]
[Site "SchemingMind.com"]
[Date "2011.09.02"]
[Round "-"]
[White "dadshane2000"]
[Black "Olli Ylönen"]
[Result "1/2-1/2"]
[WhiteCountry "USA"]
[BlackCountry "FIN"]
[WhiteElo "1974"]
[WhiteRD "84"]
[BlackElo "1778"]
[BlackRD "48"]
[GameID "291791"]

1. e4 e5 2. Nf3 Nf6 3. Nxe5 d6 4. Nf3 Nxe4 5. d4 d5 6. Bd3 Nc6 7. O-O Be7 8. c4 Nb4 9. Re1 Nxd3 10. Qxd3 c6
11. cxd5 cxd5 12. Qb5+ Qd7 13. Qb3 O-O 14. Nc3 Nxc3 15. bxc3 Re8 16. Ba3 Bxa3 17. Qxa3 b6 18. Rab1 h6 19. Rxe8+ Qxe8 20. Rxb6 Bg4
21. Rb7 Bxf3 22. gxf3 Qc6 23. Qe7 Qg6+ 24. Kh1 Rc8 25. Rxa7 Qb1+ 26. Kg2 Qg6+ 27. Kh3 Qf5+ 28. Kg2 Qg6+=
1/2-1/2

[Event "aston294"]
[Site "SchemingMind.com"]
[Date "2011.09.02"]
[Round "-"]
[White "Olli Ylönen"]
[Black "dadshane2000"]
[Result "1/2-1/2"]
[WhiteCountry "FIN"]
[BlackCountry "USA"]
[WhiteElo "1778"]
[WhiteRD "48"]
[BlackElo "1974"]
[BlackRD "84"]
[GameID "291793"]

1. e4 c5 2. c3 d5 3. exd5 Qxd5 4. d4 g6 5. Nf3 Bg7 6. Na3 Nf6 7. Bc4 Qe4+ 8. Be3 O-O 9. O-O cxd4 10. Bxd4 Nc6
11. Re1 Qf4 12. Be3 Qg4 13. h3 Qh5 14. Nd4 Qxd1 15. Raxd1 Bd7 16. Nxc6 Bxc6 17. Bc5 Ne4 18. Bxe7 Rfe8 19. Bh4 g5 20. Bg3 Bf8
21. Nb5 Nxg3 22. fxg3 Rad8 23. Rxd8 Rxd8 24. Re5 h6 25. Nxa7 Bd6 26. Nxc6 bxc6 27. Rf5 Bxg3 28. Bxf7+ Kg7 29. Bh5 Rd2 30. Rf7+ Kg8
31. Rf6 Rxb2 32. a4 Rb1+ 33. Rf1 Rxf1+ 34. Kxf1 Bc7 35. Ke2=
1/2-1/2

[Event "aston294"]
[Site "SchemingMind.com"]
[Date "2011.09.18"]
[Round "-"]
[White "Yellow"]
[Black "kenneth m day"]
[Result "1-0"]
[WhiteCountry "INT"]
[BlackCountry "USA"]
[WhiteElo "2340"]
[WhiteRD "63"]
[BlackElo "1897"]
[BlackRD "56"]
[GameID "293217"]

1. Nf3 Nf6 2. c4 c5 3. g3 Nc6 4. Bg2 g6 5. Nc3 Bg7 6. d4 cxd4 7. Nxd4 O-O 8. O-O Qb6 9. Nb3 d6 10. Bg5 Be6
11. Nd5 Bxd5 12. cxd5 Ne5 13. Be3 Qb4 14. Bd4 b6 15. e4 Rac8 16. Bc3 Qb5 17. Nd4 Qc4 18. Re1 Nfd7 19. Bf1 Qc7 20. f4 Nc4
21. Nc6 Nxb2 22. Nxe7+ Kh8 23. Bxg7+ Kxg7 24. Qd4+ Nf6 25. Nxc8 Rxc8 26. Rac1
1-0

[Event "aston294"]
[Site "SchemingMind.com"]
[Date "2011.09.18"]
[Round "-"]
[White "kenneth m day"]
[Black "Yellow"]
[Result "0-1"]
[WhiteCountry "USA"]
[BlackCountry "INT"]
[WhiteElo "1897"]
[WhiteRD "56"]
[BlackElo "2340"]
[BlackRD "63"]
[GameID "293220"]

1. d4 d5 2. Nf3 c6 3. Bf4 Bf5 4. Nc3 e6 5. e3 Nd7 6. Bd3 Bxd3 7. Qxd3 Ngf6 8. Ne5 Nxe5 9. Bxe5 Nd7 10. O-O Nxe5
11. dxe5 f6 12. f4 Bc5 13. Kh1 O-O 14. exf6 Qxf6 15. Rf3 Bb4 16. Rh3 h6 17. Rg3 e5 18. fxe5 Qxe5 19. Qd4 Qxd4 20. exd4 Rf2
21. Rc1 Raf8 22. Rf3 R8xf3 23. gxf3 Bd6 24. Kg1 Rxh2
0-1

[Event "aston294"]
[Site "SchemingMind.com"]
[Date "2011.11.14"]
[Round "-"]
[White "keen"]
[Black "dadshane2000"]
[Result "0-1"]
[WhiteCountry "SCO"]
[BlackCountry "USA"]
[WhiteElo "1629"]
[WhiteRD "64"]
[BlackElo "1974"]
[BlackRD "86"]
[GameID "296866"]

1. e4 c5 2. Nf3 d6 3. d4 cxd4 4. Nxd4 Nf6 5. Nc3 a6 6. Be2 e5 7. Nf3 Be7 8. O-O O-O 9. Re1 h6 10. Bf1 Be6
11. h3 Nbd7 12. Nd5 Nxd5 13. exd5 Bf5 14. Qe2 Nc5 15. Nd4 Qd7 16. Nxf5 Qxf5 17. Be3 Rac8 18. g4 Qg6 19. f3 f5 20. Qg2 fxg4
21. fxg4 Bh4 22. Re2 Ne4 23. c3 Ng3 24. Rd2 Nxf1 25. Rxf1 Rxf1+ 26. Qxf1 Rf8 27. Qg2 Qb1+ 28. Kh2 Qe1
0-1

[Event "aston294"]
[Site "SchemingMind.com"]
[Date "2011.11.13"]
[Round "-"]
[White "dadshane2000"]
[Black "keen"]
[Result "1-0"]
[WhiteCountry "USA"]
[BlackCountry "SCO"]
[WhiteElo "1974"]
[WhiteRD "86"]
[BlackElo "1629"]
[BlackRD "64"]
[GameID "296871"]

1. e4 e6 2. d4 d5 3. Nc3 Nf6 4. Bg5 Be7 5. e5 c5 6. exf6 gxf6 7. Bh6 Nc6 8. Bb5 Bd7 9. Nf3 a6 10. Bxc6 Bxc6
11. Qd2 Bd6 12. Bg7 Rg8 13. Qh6 Kd7 14. Bxf6 Be7 15. Ne5+ Kc7 16. Bxe7 Qxe7 17. Nxc6 Kxc6 18. Qe3 cxd4 19. Qxd4 Rxg2 20. Qa4+ Kc7
21. Qf4+ Kd7 22. O-O-O Rc8 23. Qa4+ Rc6 24. Rhe1 Qc5 25. Ne4 Qe7 26. Qd4 Rxh2 27. Nf6+ Kc8 28. Qf4 Qc5 29. Rd2 Rh3 30. Nxd5 exd5
31. Re8+ Kd7 32. Qxf7+
1-0